00420nam a2200121Ia 4500008004100000245015700041260001700198260000900215300000900224650002300233650001200256856003000268170516s9999 xx 000 0 und d 2aA Highly Specific Probe for Sensing Hydrogen Sulfide in Live Cells Based on Copper-Initiated Fluorogen with Aggregation-Induced Emission Characteristics bTheranostics c2014 a4:12 xMedical Technology xMedtech uhttp://www.thno.org/v4i12